000 00492cam a22002054a 4500
005 20250605164250.0
008 250528s ||||||||||||||||||||||||d
035 _a21688
020 _a9780130425164
040 _aGR-AtMCL
_bgre
_dGR-AtMCL
_eAACR2
245 1 _aTHE LANGUAGE OF BUSINESS ENGLISH
250 _a1
260 _bPrentice Hall,
_c1994
300 _a250
700 1 _aBrieger Nick
_95185
700 1 _aSweeney Simon
_95977
942 _cBK
999 _c6748
_d6748